Statistiques concernant Normes biologiques

Cliquez ici pour prendre le quiz!

Statistiques générales

  • Ce quiz a été pris 147 fois
  • Le résultat moyen est 4 sur 15

Statistiques - réponses

normesréponse% Correct
4 000 à 10 000/mm3leucocytes
82%
150 000 à 400 000/mm3plaquettes
67%
135-145 mmol/Lsodium
65%
< 5 mg/LCRP
53%
2.25-2.5 mmol/Lcalcium
37%
95-105 mmol/Lchlore
29%
30 à 40 secTCA
29%
10-30µmol/Lfer
24%
7.38-7.42pH sanguin
14%
95-100%SaO2
10%
0.02-0.05 ng/mLtroponine
9%
12.5-15.5 g/100mLhemoglobine femme
6%
4.2-5.7 millions/mm3hématies homme
5%
14-17 g/100mLhemoglobine homme
5%
0.72-1.10 g/Lglycemie jeun
4%

Distribution des résultats

Percentile par nombre de réponses

% des personnes avec chaque résultat

Votre développement - résultats

Vous n’avez pas pris ce quiz